| 000 | 01366nam a2200349 a 4500 | ||
|---|---|---|---|
| 001 | 1042472 | ||
| 003 | OSt | ||
| 005 | 20110426085758.0 | ||
| 008 | 890522s1988 enk b 001 0 eng | ||
| 010 | _a 89144245 | ||
| 020 | _a0421354801 | ||
| 040 |
_aDLC _cDLC _dDLC |
||
| 043 | _ae-uk--- | ||
| 050 | 0 | 0 |
_aKD1859 _b.M25 1988 |
| 082 | 0 | 0 |
_a346.42086 MAC _a344.20686 _220 |
| 100 | 1 |
_aMacGillivray, Evan James, _db. 1873. _91581 |
|
| 245 | 1 | 0 | _aMacGillivray & Parkington on insurance law relating to all risks other than marine. |
| 250 |
_a8th ed. / _bgeneral editor, Michael Parkington ... [et al.]. |
||
| 260 |
_aLondon : _bSweet & Maxwell, _c1988. |
||
| 300 |
_acxli, 1014 p. ; _c26 cm. |
||
| 440 | 0 |
_aInsurance practitioners library _91577 |
|
| 500 | _aErrata slips inserted. | ||
| 504 | _aIncludes bibliographical references. | ||
| 650 | 0 |
_aInsurance law _zGreat Britain. _91582 |
|
| 700 | 1 |
_aParkington, Michael. _91583 |
|
| 740 | 0 | _aMacGillivray and Parkington on insurance law relating to all risks other than marine. | |
| 740 | 0 | _aInsurance law relating to all risks other than marine. | |
| 906 |
_a7 _bcbc _corignew _d2 _encip _f19 _gy-gencatlg |
||
| 942 |
_2ddc _cBK |
||
| 999 |
_c542 _d542 |
||